| 000 | 02487cam a22003495a 4500 | ||
|---|---|---|---|
| 001 | 17360705 | ||
| 003 | EG-ScBUE | ||
| 005 | 20220512132912.0 | ||
| 008 | 120625s2013 enka f b 001 0 eng d | ||
| 020 | _a9780230304819 | ||
| 040 |
_aDLC _beng _erda _cDLC _dEG-ScBUE |
||
| 082 | 0 | 4 |
_222 _a418.0015195 _bLOW |
| 100 | 1 |
_aLowie, Wander, _d1959- _eauthor. _941388 |
|
| 245 | 1 | 0 |
_aEssential statistics for applied linguistics / _cWander Lowie, University of Groningen, The Netherlands, University of the Free State, South Africa and Bregtje Seton, University of Groningen, The Netherlands. |
| 264 | 1 |
_aHampshire ; _aNew York : _bPalgrave Macmillan, _c2013. |
|
| 300 |
_axiv, 157 pages : _billustrations ; _c24 cm |
||
| 336 |
_2rdacontent _atext _btxt |
||
| 337 |
_2rdamedia _aunmediated _bn |
||
| 338 |
_2rdacarrier _avolume _bnc |
||
| 504 | _aIncludes bibliographical references and index. | ||
| 505 | _apt. 1: The basics: 1. Types of research -- 2. Systematicity in statistics: Variables -- 3. Descriptive statistics -- 4. Statistical logic -- 5. Doing statistics: From theory to practice -- 6. Common statistics for applied linguistics -- 7. Conclusion. -- pt. 2. How to SPSS: How to do descriptive statistics ; How to check assumptions ; How to do a t-test ; How to do a one-way ANOVA ; How to do a two-way ANOVA ; How to do a correlation analysis ; How to do a simple regression analysis ; How to do a chi-square analysis. -- pt. 3. SPSS practicals. Exploring SPSS and entering variables ; Descriptive statistics ; Calculations using SPSS ; Inductive statistics ; Miscellaneous assignments ; Miscellaneous assignments (revision). | ||
| 520 | _a"An accessible introduction to statistics and methodology for students of (Applied) Linguistics. Assuming no prior knowledge of statistics, the authors take an activity-based approach, focusing on the application of statistics and helping students to understand why statistical analyses are needed. Includes How-To sections and exercises throughout." -- Publisher's website. | ||
| 650 | 7 |
_aApplied linguistics _xStatistical methods. _2BUEsh _941387 |
|
| 650 | 7 |
_aApplied linguistics _xResearch. _2BUEsh _940534 |
|
| 650 | 7 |
_aLinguistics _xStatistical methods. _2BUEsh _941184 |
|
| 650 | 7 |
_aComputational linguistics. _2BUEsh _94459 |
|
| 651 | _2BUEsh | ||
| 653 |
_bHHUUEENN _cOctober2016 |
||
| 655 |
_vReading book _934232 |
||
| 700 | 1 |
_aSeton, Bregtje, _d1983- _eauthor. _941386 |
|
| 942 |
_2ddc _e22 _k418.0015195 LOW _cBB |
||
| 999 |
_c22485 _d22457 |
||